How I Met Your Mother Quiz Stats

Quiz not verified by Sporcle

Challenge
Share
Tweet
Embed
Score 0/10 Timer 03:00
0 Plays Today
hint heading answer heading % Correct
Who's is the last doppleganger in the group to be see?Barney
96.5%
What character does Neil Patrick Harris play?Barney Stinston
94.6%
Where do Ted and Marshall met?College
92.2%
What is eating a sandwich meant to mean?Smoking
87.7%
What is Barney's brother called?James
85.8%
Who is the actor that plays Marshall Erikson?Jason Segel
75.9%
In the episode 'purple giraffe' how many parties does Ted throw for Robin?3
66.5%
What is the game Marshall's family invented?Baskiceball
63.9%
Why does lily get arrested?public urination
52.8%
What is wrong with marshall's and lily's new apartment when they first move in?the floor is uneven
36.6%

You're not logged in!

Compare scores with friends on all Sporcle quizzes.
Sign Up with Email
OR
Log In

You Might Also Like...

Show Comments

Extras

Top Quizzes Today


Score Distribution

Your Account Isn't Verified!

In order to create a playlist on Sporcle, you need to verify the email address you used during registration. Go to your Sporcle Settings to finish the process.